000 00317nam a2200121 a 4500
005 20140414131919.0
008 101021s19uu xx 00 eng d
050 _aER
_bC43 2001
100 _aMaccarone, Grace
245 _aA child's good night prayer.
260 _aNew York :
_bScholastic ,
_c2001.
999 _c111647
_d111647